000 00677nam0a22002531 4500
001 RU\NLR\INFOCOMM16\ROSSICA\1000485645
005 20250613191141.0
035 _a(NLR Aleph) 009927555
090 _a10699884
_c10699884
100 _a20031114d1873 |||y0rusy50 ca
101 0 _ager
102 _aRU
105 _ay ||||000ay
200 1 _aKhiva oder Kharezm
_eSeine historischen und geographischen Verhältnisse
_fLerch, P.
210 _aSt.Petersburg
_d1873
215 _d8°
700 1 _aLerch
_bP.
_4070
801 1 _aRU
_bInfoComm
_c20031114
801 0 _aRU
_bNLR
_gPSBO
852 _aNLR
_j12.42.2.22
942 _cBOOK
980 _aNB
980 _aRossica